[Event "Douglas IoM Major op"]
[Site "Douglas"]
[Date "2017.09.26"]
[Round "2"]
[White "Ford, Clifton P"]
[Black "Flanagan, Samuel"]
[Result "1/2-1/2"]
[WhiteElo "1794"]
[BlackElo "1740"]
[PlyCount "56"]
[EventDate "2017.09.25"]
[EventType "swiss"]
[EventRounds "7"]
[EventCountry "IOM"]
[SourceTitle "CBM 181 Extra"]
[Source "ChessBase"]
[SourceDate "2017.12.12"]
[SourceVersion "1"]
[SourceVersionDate "2017.12.12"]
[SourceQuality "1"]

1. d4 d5 2. c4 c6 3. Nf3 Nf6 4. cxd5 cxd5 5. Nc3 Nc6 6. Bf4 a6 7. Rc1 Bf5 8. e3 e6 9. Bd3 Bxd3 10. Qxd3 Be7 11. 0-0 0-0 12. Ne5 Rc8 13. Nxc6 Rxc6 14. Na4 Qc8 15. Nb6 Qe8 16. Qb3 Ne4 17. Rxc6 Qxc6 18. Rd1 Bd8 19. Na4 b5 20. Nc3 Nxc3 21. Qxc3 Qxc3 22. bxc3 Ba5 23. Bd6 Rc8 24. Bb4 Bxb4 25. cxb4 Rc2 26. Ra1 Kf8 27. Kf1 Ke7 28. a3 Kf6 1/2-1/2

[Event "Gibraltar Amateur op-A"]
[Site "Caleta"]
[Date "2017.01.26"]
[Round "4"]
[White "Flanagan, Samuel"]
[Black "Kirkwood, Robin"]
[Result "1/2-1/2"]
[WhiteElo "1774"]
[BlackElo "1677"]
[PlyCount "31"]
[EventDate "2017.01.23"]
[EventType "swiss"]
[EventRounds "5"]
[EventCountry "GGB"]
[SourceTitle "CBM 176 Extra"]
[Source "ChessBase"]
[SourceDate "2017.03.02"]
[SourceVersion "1"]
[SourceVersionDate "2017.03.02"]
[SourceQuality "1"]

1. e4 c5 2. Nf3 e6 3. d4 cxd4 4. Nxd4 a6 5. Nc3 b5 6. Bd3 Bc5 7. Nb3 Ba7 8. 0-0 Bb7 9. a3 Ne7 10. Qe2 d5 11. Bg5 f6 12. Bd2 d4 13. Na2 Nbc6 14. f4 0-0 15. Nb4 Qc7 16. Rae1 1/2-1/2

[Event "Gibraltar Amateur op-B"]
[Site "Caleta"]
[Date "2016.02.03"]
[Round "5"]
[White "Flanagan, Samuel"]
[Black "Chadwick, Susan E"]
[Result "1-0"]
[WhiteElo "1783"]
[BlackElo "1430"]
[PlyCount "25"]
[EventDate "2016.01.30"]
[EventType "swiss"]
[EventRounds "5"]
[EventCountry "GGB"]
[SourceTitle "CBM 170 Extra"]
[Source "ChessBase"]
[SourceDate "2016.02.25"]
[SourceVersion "1"]
[SourceVersionDate "2016.02.25"]
[SourceQuality "1"]

1. e4 c5 2. Nf3 d6 3. d4 cxd4 4. Nxd4 Nf6 5. Nc3 a6 6. Be3 g6 7. f3 Bg7 8. Qd2 Nc6 9. 0-0-0 Nxd4 10. Bxd4 Bd7 11. Nd5 0-0 12. Bb6 Qc8 13. Nxe7+ 1-0

[Event "Gibraltar Challengers-B 13th"]
[Site "Caleta"]
[Date "2015.02.02"]
[Round "3"]
[White "Bengtsson, Jessica"]
[Black "Flanagan, Samuel"]
[Result "1/2-1/2"]
[WhiteElo "1971"]
[BlackElo "1766"]
[PlyCount "90"]
[EventDate "2015.01.31"]
[EventType "swiss"]
[EventRounds "5"]
[EventCountry "GGB"]
[SourceTitle "CBM 164 Extra"]
[Source "ChessBase"]
[SourceDate "2015.03.02"]
[SourceVersion "1"]
[SourceVersionDate "2015.03.02"]
[SourceQuality "1"]

1. e4 c5 2. c3 Nf6 3. e5 Nd5 4. d4 cxd4 5. Nf3 Nc6 6. cxd4 d6 7. Bc4 Nb6 8. Bb5 dxe5 9. Nxe5 Bd7 10. Nxd7 Qxd7 11. Nc3 e6 12. 0-0 Be7 13. Qg4 0-0 14. Bxc6 bxc6 15. Bh6 Bf6 16. Ne4 Qe7 17. Rfd1 Kh8 18. Nxf6 Qxf6 19. Bf4 Nd5 20. Be5 Qg6 21. Qe2 f6 22. Bd6 Rfe8 23. Rac1 e5 24. dxe5 Nf4 25. Qf3 fxe5 26. Bxe5 Rxe5 27. Qxf4 Rae8 28. h3 h6 29. Rd7 a5 30. Rc7 Qd6 31. Rf7 Re1+ 32. Rxe1 Rxe1+ 33. Kh2 Qxf4+ 34. Rxf4 Re2 35. Rf8+ Kh7 36. Kg3 Rd2 37. Rb8 Rc2 38. Kf3 Kg6 39. a4 Kf5 40. b4 axb4 41. Rxb4 Ra2 42. Rc4 Ra3+ 43. Ke2 Ke5 44. Rxc6 Rxa4 45. Rc2 Kf4 1/2-1/2

[Event "London e2e4 Diamond Jubilee op-C"]
[Site "London"]
[Date "2012.06.04"]
[Round "4"]
[White "Reynolds, Mark A"]
[Black "Flanagan, Samuel"]
[Result "0-1"]
[WhiteElo "1990"]
[BlackElo "1824"]
[PlyCount "70"]
[EventDate "2012.06.02"]
[EventType "swiss"]
[EventRounds "7"]
[EventCountry "ENG"]
[SourceTitle "EXT 2014"]
[Source "ChessBase"]
[SourceDate "2013.11.20"]
[SourceVersion "1"]
[SourceVersionDate "2013.11.20"]
[SourceQuality "1"]

1. e4 c5 2. Nc3 d6 3. f4 g6 4. Nf3 Bg7 5. Bc4 e6 6. 0-0 Ne7 7. d3 0-0 8. Qe1 Nbc6 9. f5 d5 10. Bb3 d4 11. Na4 exf5 12. Qh4 Qd6 13. Bf4 Ne5 14. Rae1 N7c6 15. exf5 Bxf5 16. Ng5 h6 17. Nxf7 Rxf7 18. Bxf7+ Kxf7 19. g4 g5 20. Bxe5 Nxe5 21. Qf2 Kg8 22. Qxf5 Rf8 23. Qe4 Rxf1+ 24. Rxf1 b5 25. Qa8+ Kh7 26. Qe4+ Ng6 27. Rf7 bxa4 28. Rxa7 Qe5 29. Qxe5 Nxe5 30. h3 c4 31. dxc4 Nxc4 32. b3 axb3 33. axb3 Ne3 34. Rc7 Nd5 35. Rc5 d3 0-1

[Event "Gibraltar Challengers-A 8th"]
[Site "Caleta"]
[Date "2010.01.26"]
[Round "1"]
[White "Flanagan, Samuel"]
[Black "Bauer, Peter3333"]
[Result "0-1"]
[WhiteElo "1787"]
[BlackElo "1944"]
[PlyCount "104"]
[EventDate "2010.01.26"]
[EventType "swiss"]
[EventRounds "5"]
[EventCountry "GGB"]
[SourceTitle "CBM 134 Extra"]
[Source "ChessBase"]
[SourceDate "2010.03.03"]
[SourceVersion "1"]
[SourceVersionDate "2010.03.03"]
[SourceQuality "1"]

1. d4 d5 2. Nf3 Nf6 3. Bf4 Bf5 4. e3 e6 5. Nbd2 Bd6 6. Bg3 0-0 7. Be2 Ne4 8. Nxe4 Bxe4 9. c3 c5 10. Bd3 cxd4 11. Bxe4 dxe4 12. Nxd4 Bxg3 13. hxg3 Qd5 14. Qh5 Qxh5 15. Rxh5 Nd7 16. 0-0-0 Nf6 17. Rh4 g5 18. Rhh1 Rad8 19. a3 a6 20. Rdf1 Kg7 21. Rd1 Ng4 22. Rdf1 Rd6 23. Rh5 h6 24. Rhh1 f5 25. Nc2 Ne5 26. f3 exf3 27. gxf3 Nd3+ 28. Kb1 Kg6 29. Rh2 Ne5 30. Nd4 Nc4 31. Rfh1 Rh8 32. e4 Rb6 33. exf5+ exf5 34. Ka2 h5 35. Re1 Kf6 36. Rhe2 h4 37. Rh1 h3 38. b3 Ne5 39. Rhe1 Nd3 40. Rh1 g4 41. fxg4 fxg4 42. Rf1+ Kg6 43. Re3 h2 44. Re4 Nf2 45. Rxf2 h1Q 46. Rxg4+ Kh5 47. Rgf4 Rg8 48. Nf5 Rg4 49. R4f3 Qd1 50. Rh2+ Kg5 51. Nd4 Rxb3 52. Rf5+ Kg6 0-1

[Event "Gibraltar Challengers1-B"]
[Site "Gibraltar"]
[Date "2009.01.27"]
[Round "1"]
[White "Salomon, Johan"]
[Black "Flanagan, Samuel"]
[Result "0-1"]
[WhiteElo "1803"]
[BlackElo "1787"]
[PlyCount "107"]
[EventDate "2009.01.27"]
[EventType "swiss"]
[EventRounds "5"]
[EventCountry "ENG"]
[SourceTitle "EXT 2012"]
[Source "ChessBase"]
[SourceDate "2011.11.24"]
[SourceVersion "1"]
[SourceVersionDate "2011.11.24"]
[SourceQuality "1"]

1. e4 c5 2. Nc3 Nc6 3. f4 d6 4. Nf3 g6 5. d3 Bg7 6. Be3 e6 7. g3 Nge7 8. Bg2 Qb6 9. Rb1 Nd4 10. 0-0 Nec6 11. Ne2 Nxf3+ 12. Bxf3 Qc7 13. c3 b6 14. d4 0-0 15. Qd2 Bb7 16. Rf2 Ne7 17. Rbf1 Rad8 18. Qc2 Rc8 19. Qb1 Ba6 20. Rg2 Rfd8 21. h3 d5 22. e5 Nf5 23. Bf2 cxd4 24. Bxd4 Nxd4 25. cxd4 Qc4 26. Rc1 Qb4 27. a3 Qa4 28. Rd1 Rc7 29. Nc3 Qd7 30. Be2 Bxe2 31. Rxe2 Rdc8 32. Rg2 Bf8 33. g4 Bxa3 34. bxa3 Rxc3 35. Kh2 Qa4 36. Rd3 Rxa3 37. Rxa3 Qxa3 38. f5 Rc3 39. Qe1 Rxh3+ 40. Kg1 Qe3+ 41. Qxe3 Rxe3 42. f6 Rc3 43. Ra2 Rc7 44. Kf2 Kf8 45. Ke3 Ke8 46. Rh2 h5 47. gxh5 gxh5 48. Ra2 Kd7 49. Kd3 Kc8 50. Ra4 Kb7 51. Ra2 b5 52. Ra5 Kb6 53. Ra2 a5 54. Rc2 0-1

[Event "Monarch Assurance U175 15th"]
[Site "Port Erin"]
[Date "2006.09.25"]
[Round "1"]
[White "Flanagan, Samuel"]
[Black "Heath, Jeffrey"]
[Result "0-1"]
[WhiteElo "1520"]
[BlackElo "1688"]
[PlyCount "158"]
[EventDate "2006.09.25"]
[EventType "swiss"]
[EventRounds "7"]
[EventCountry "IOM"]
[SourceTitle "EXT 2008"]
[Source "ChessBase"]
[SourceDate "2007.11.25"]
[SourceVersion "1"]
[SourceVersionDate "2007.11.25"]
[SourceQuality "1"]

1. e4 c5 2. Nf3 Nc6 3. Bb5 Nd4 4. Nxd4 cxd4 5. 0-0 a6 6. Bc4 Qc7 7. d3 b5 8. Bb3 e6 9. f4 Bb7 10. Nd2 Nf6 11. Nf3 Bc5 12. Ne5 0-0 13. Ng4 Ne8 14. Kh1 Be7 15. Nf2 Kh8 16. Nh3 f5 17. e5 g6 18. Qe2 Ng7 19. Ng1 Rac8 20. Bd2 Qd8 21. Nf3 Ne8 22. Nxd4 Qb6 23. Nf3 Bc5 24. c3 Nc7 25. d4 Be7 26. a3 Nd5 27. Bd1 Rc7 28. Qe1 Qa7 29. Ng1 Nb6 30. Bf3 Nd5 31. Nh3 Qb8 32. Qe2 Nb6 33. Rae1 Nd5 34. Nf2 Bh4 35. Rd1 Rf7 36. Nd3 Be7 37. Be1 Qf8 38. Bd2 Qh6 39. g3 Qf8 40. Ne1 Qa8 41. Ng2 Kg7 42. Bc1 Rf8 43. Ne3 Nxe3 44. Bxe3 Bd5 45. Bxd5 Qxd5+ 46. Qg2 Qxg2+ 47. Kxg2 Rc4 48. Bf2 Rfc8 49. d5 Kf7 50. Rfe1 Ke8 51. Kf3 Bf8 52. Rd3 h6 53. Red1 g5 54. dxe6 g4+ 55. Kg2 dxe6 56. h3 h5 57. hxg4 hxg4 58. Rh1 Rd8 59. Rxd8+ Kxd8 60. Rh8 Ke8 61. Bd4 Rc6 62. Kf2 Kf7 63. Ke3 Kg7 64. Rh1 Kf7 65. Kd3 Ke8 66. Rh7 Be7 67. Kc2 Kd8 68. Kb3 Rc4 69. Rh8+ Kd7 70. Ra8 Rc6 71. Ra7+ Ke8 72. a4 bxa4+ 73. Kxa4 Bd8 74. b4 Bc7 75. Bc5 Kd8 76. Ra8+ Kd7 77. Rf8 Bd8 78. Rf7+ Ke8 79. Kb3 Kxf7 0-1